Loading...
Keraleeya kalanighandu
| Main Author: | |
|---|---|
| Format: | Printed Book |
| Published: |
Kozhikode
Olive
2012
|
| Edition: | 1st |
| LEADER | 00457nam a22001451a 4500 | ||
|---|---|---|---|
| 020 | |a 9789381788523 | ||
| 082 | |a R M 398.203 |b SAS/K | ||
| 100 | |a Sasidharan Clari | ||
| 245 | |a Keraleeya kalanighandu | ||
| 250 | |a 1st | ||
| 260 | |a Kozhikode |b Olive |c 2012 | ||
| 300 | |a 296p. | ||
| 942 | |c REF | ||
| 999 | |c 24018 |d 24018 | ||
| 952 | |0 0 |1 0 |4 0 |6 R_M_398_203000000000000_SAS_K |7 0 |9 34357 |a SSUS |b SSUS |c REF |d 2015-01-08 |g 210.00 |o R M 398.203 SAS/K |p 068885 |r 2015-01-08 |v 0.00 |w 2015-01-08 |y REF | ||